000 00294nam a2200109Ia 4500
008 190216s9999||||xx |||||||||||||| ||und||
100 _a"Keith Yorston R, Bryan Smyth E
 Brown Sr"
245 0 _aAccounting Fundamentals
260 _bThe Law Book Company
_c1966
300 _a663p
942 _cBK
999 _c4437
_d4437